LEADER 01021nam a2200265 u 4500 001 000000024713 003 CaOOAMICUS 005 20070226111401.0 008 950626s1983 it u000 u ita u 035 $a10628451 040 $aPUL(R)$bita 100 1 $aSemeraro, Licia.$0(OLS)http://pul/name/20601 245 13$aUn filosofo non scolastico della religione: Aldo Capitini /$cLicia Semeraro. 260 $aLecce :$bMilella,$cstampa 1983. 300 $a139 p. ;$c21 cm 490 1 $aL'uomo e la cittą ;$v5 500 $aComprende indici. 504 $aBibliografia: p. 113-134. 830 2$aL'uomo e la cittą ;$v5.$0(OLS)http://pul/title/34136 850 $aPUL 852 $aPUL$W1$xSL Religione 1$y3$m58 C 78$j34576$nBK-PRI$b $qStampati$B34576$CPULBib$Z2$F34576 $H $81 941 1 $a8 961 $aINV: 72229 996 $6245$aUn filosofo non scolastico della religione: Aldo Capitini$9(OLS)http://pul/title/34135 996 $6260$aLecce :$bMilella$9(OLS)http://pul/publisher/55071 LEADER 01252nam a2200313 a 4500 001 000000152663 003 CaOOAMICUS 005 20160707100923.0 008 160707s2006 it a u000 u ita r 020 $a88-215-3077-9* 032 $aLibriCat 040 $aPUL$bita 082 04$a230 100 1 $aPiano, Stefano,$d1941-$0(OLS)http://pul/name/63019 245 10$aSan?tana-dharma :$bun incontro con l'"induismo" / $cStefano Piano. 250 $a2. ed. 260 $aCinisello Balsamo :$bSan Paolo,$c2006. 300 $a339 p. :$bill. ;$c22 cm. 490 1 $aUniverso teologia. Ecumene ;$v42 650 4$aInduismo$xStudi.$0(OLS)http://pul/subject/24800 830 0$aUniverso teologia.$pEcumene ;$v42.$0(OLS)http://pul/title/191245 850 $aPUL 852 $aPUL$W1$xSL Religione 3$y85$m230 COLL 14.42$j175995$qDDC 21$B178113$CPULBib$Z2$F178113 $H127952 $81 941 1 $a9 996 $6020$a88-215-3077-9*$9(OLS)http://pul/number/160570 996 $6082$a230$9(OLS)http://pul/classification/368 996 $6245$aSana?tana-dharma :$bun incontro con l'"induismo" / $9(OLS)http://pul/title/192077 996 $6260$aCinisello Balsamo :$bSan Paolo$9(OLS)http://pul/publisher/54577